Conference USA Logo Quiz - Statistics

General Stats
  • This quiz has been taken 10 times
  • The average score is 10 of 12
Answer Stats
Picture Answer % Correct
Florida International
100%
Kennesaw State
100%
Louisiana Tech
100%
Sam Houston
100%
Western Kentucky
100%
Liberty
88%
Middle Tennessee
88%
Delaware
75%
Missouri State
75%
New Mexico State
75%
UTEP
75%
Jacksonville State
63%
No matching quizzes found
Score Distribution
Percent of People with Each Score
Percentile by Number Answered
Your Score History
You have not taken this quiz